| 000 -CABECERA |
| Longitud fija campo de control |
01110cam a2200241 i 4500 |
| 003 - IDENTIFICADOR DEL NÚMERO DE CONTROL |
| Identificador del número de control |
OSt |
| 005 - FECHA Y HORA DE LA ÚLTIMA TRANSACCIÓN |
| Fecha y hora de la última transacción |
20211118125146.0 |
| 008 - CÓDIGOS DE INFORMACIÓN DE LONGITUD FIJA |
| Códigos de información de longitud fija |
130731s2013 sp 000 0 spa |
| 020 ## - NÚMERO INTERNACIONAL NORMALIZADO PARA LIBROS |
| Número Internacional Normalizado para Libros (ISBN) |
9788415544289 |
| 040 ## - FUENTE DE LA CATALOGACIÓN |
| Centro catalogador de origen |
DLC |
| Centro transcriptor |
CDMR |
| Lengua de catalogación |
cat |
| 245 00 - MENCIÓN DE TÍTULO |
| Título |
Periodismo y memoria histórica : |
| Resto del título |
la contribución del periodismo en la recuperación de la memoria histórica a partir de testimonios orales / |
| Mención de responsabilidad, etc. |
Margarita Antón Crespo, Ma. Estrella Alonso del Barrio, Ana Fuertes Zapatero (coordinadoras). |
| 264 #1 - PRODUCCIÓN, PUBLICACIÓN , DISTRIBUCIÓN, FABRICACIÓN Y COPYRIGHT |
| Lugar de producción, publicación, distribución, fabricación |
Salamanca : |
| Nombre del productor, editor, distribuidor, fabricante |
Comunicación Social Ediciones y Publicaciones, |
| Fecha de de producción, publicación, distribución, fabricación o copyright |
2013. |
| 300 ## - DESCRIPCIÓN FÍSICA |
| Extensión |
185 pàgines ; |
| Dimensiones |
21 cm. |
| 490 0# - MENCIÓN DE SERIE |
| Mención de serie |
Colección Contextos ; |
| Designación de volumen o secuencia |
26 |
| 546 ## - NOTA DE LENGUA |
| Nota de lengua |
Text in Spanish and Portuguese. |
| 650 #0 - PUNTO DE ACCESO ADICIONAL DE MATERIA - TÉRMINO DE MATERIA |
| Término de materia o nombre geográfico como elemento inicial |
Memòria col·lectiva |
| Subdivisión geográfica |
Espanya |
| Subdivisión de materia general |
Història |
| Subdivisión cronológica |
1936-1939, Guerra Civil |
| Subdivisión de forma |
Congressos |
| 9 (RLIN) |
4712 |
| 650 #0 - PUNTO DE ACCESO ADICIONAL DE MATERIA - TÉRMINO DE MATERIA |
| Término de materia o nombre geográfico como elemento inicial |
Periodisme |
| Subdivisión geográfica |
Espanya |
| Subdivisión de materia general |
Història |
| Subdivisión cronológica |
1936-1939, Guerra Civil |
| Subdivisión de forma |
Congressos |
| 9 (RLIN) |
3173 |
| 651 #0 - PUNTO DE ACCESO ADICIONAL DE MATERIA - NOMBRE GEOGRÁFICO |
| Nombre geográfico |
Espanya |
| Subdivisión de materia general |
Història |
| Subdivisión cronológica |
1936-1939, Guerra Civil |
| Subdivisión de materia general |
Fonts |
| Subdivisión de forma |
Congressos |
| 9 (RLIN) |
4698 |
| 700 1# - PUNTO DE ACCESO ADICIONAL - NOMBRE DE PERSONA |
| Nombre de persona |
Antón Crespo, Margarita, |
| 700 1# - PUNTO DE ACCESO ADICIONAL - NOMBRE DE PERSONA |
| Nombre de persona |
Alonso del Barrio, Estrella, |
| 700 1# - PUNTO DE ACCESO ADICIONAL - NOMBRE DE PERSONA |
| Nombre de persona |
Fuertes Zapatero, Ana, |
| 942 ## - ENTRADA DE ELEMENTOS AGREGADOS (KOHA) |
| Fuente de clasificaión o esquema |
|
| Koha [por defecto] tipo de item |
Ponències / Comunicacions |